|
|
|
|
| LEADER |
00000nam0a2200000 4500 |
| 001 |
118433 |
| 005 |
20231101215454.0 |
| 035 |
|
|
|a (RuTPU)RU\TPU\book\128155
|
| 090 |
|
|
|a 118433
|
| 100 |
|
|
|a 20070611d1987 m y0rusy50 ca
|
| 101 |
0 |
|
|a rus
|
| 102 |
|
|
|a RU
|
| 105 |
|
|
|a a z 001zb
|
| 200 |
1 |
|
|a Е. М. Корнеев. Из истории русской графики начала 19 века
|f Н. Н. Гончарова
|
| 210 |
|
|
|a Москва
|c Искусство
|d 1987
|
| 215 |
|
|
|a 382 с.
|c ил.
|d 17 см.
|
| 300 |
|
|
|a В суперобложке.
|
| 320 |
|
|
|a Примечания: с. 166-179
|
| 320 |
|
|
|a Список произведений: с. 180-197
|
| 320 |
|
|
|a Список архивных документов, освещающих жизнь и творчество Е. М. Корнеева: с. 198-200
|
| 320 |
|
|
|a Опись рисунков Е. М. Корнеева, сданных в Адмиралтейский департамент в 1823 году: с. 201-202
|
| 320 |
|
|
|a Опись рисунков,принадлежавших К. Рехбергу. 1819: с. 203-209
|
| 320 |
|
|
|a Принятые сокращения: с. 210
|
| 320 |
|
|
|a Иллюстрации: с. 211-372
|
| 320 |
|
|
|a Список иллюстраций: с. 373-379
|
| 320 |
|
|
|a Именной указатель: с. 380-382.
|
| 600 |
|
1 |
|a Корнеев
|b Е. М.
|c русский художник
|c гравер
|f 1780-1839
|g Емельян Михайлович
|2 stltpush
|3 (RuTPU)RU\TPU\pers\19664
|9 7612
|
| 610 |
1 |
|
|a русское искусство
|
| 610 |
1 |
|
|a 19 век
|
| 610 |
1 |
|
|a графика
|
| 610 |
1 |
|
|a художники
|
| 610 |
1 |
|
|a история
|
| 675 |
|
|
|a 76.071(092)
|v 3
|
| 700 |
|
1 |
|a Гончарова
|b Н. Н.
|g Надежда Николаевна
|
| 801 |
|
1 |
|a RU
|b 63413507
|c 20070611
|g PSBO
|
| 801 |
|
2 |
|a RU
|b 63413507
|c 20070611
|g PSBO
|
| 942 |
|
|
|c BK
|